[Event "Najdorf Mem Open A"]
[Site "Warsaw POL"]
[Date "2010.07.20"]
[Round "4"]
[White "Matuszewski,M"]
[Black "Vysochin,S"]
[Result "1-0"]
[WhiteElo "2317"]
[BlackElo "2562"]
[EventDate "2010.07.17"]

1. d4 d5 2. c4 c6 3. Nf3 Nf6 4. e3 Bf5 5. Nc3 e6 6. Nh4 Be4 7. f3 Bg6 8.
Nxg6 hxg6 9. Bd2 Bd6 10. Qb3 Bg3+ 11. Kd1 Qc7 12. Bd3 Bd6 13. Rc1 dxc4 14.
Qxc4 a6 15. e4 Nbd7 16. Kc2 b5 17. Qb3 e5 18. Kb1 exd4 19. Ne2 c5 20. Nxd4
Qb6 21. f4 c4 22. Qc3 Bc5 23. Nb3 cxb3 24. e5 bxa2+ 25. Ka1 Nd5 26. Qb3 Nc7
27. f5 gxf5 28. Bxf5 Ne6 29. Ba5 Qc6 30. Rhd1 Nxe5 31. Bxe6 fxe6 32. Rxc5
Qxc5 33. Qxe6+ Qe7 34. Qd5 Ra7 35. Re1 Rh5 36. g4 Rg5 37. h4 Rd7 38. Qa8+
Kf7 39. Rf1+ Ke6 40. Qg8+ Nf7 41. hxg5 Qxg5 42. Re1+ Kd6 43. Qf8+ Kd5 44.
Qa8+ Kd4 45. Qe4+ Kc5 1-0

[Event "Najdorf Mem Open A"]
[Site "Warsaw POL"]
[Date "2010.07.20"]
[Round "4"]
[White "Petrov,Marij"]
[Black "Przybylski,W"]
[Result "1-0"]
[WhiteElo "2535"]
[BlackElo "2322"]
[EventDate "2010.07.17"]

1. e4 e5 2. Nf3 Nf6 3. Nc3 Nc6 4. g3 d5 5. exd5 Nxd5 6. Bg2 Nxc3 7. bxc3
Bd6 8. O-O O-O 9. d3 Bg4 10. h3 Bh5 11. Rb1 Rb8 12. g4 Bg6 13. Ng5 Be7 14.
Ne4 f5 15. Ng3 f4 16. Ne4 Bd6 17. Nd2 Kh8 18. Re1 Qf6 19. Be4 Bf7 20. c4
Qh4 21. Kg2 Bc5 22. Rf1 Qf6 23. Bb2 Rbd8 24. Qf3 Rfe8 25. Bc3 Bd4 26. Bxc6
bxc6 27. Ne4 Qg6 28. Rfe1 Bxc3 29. Nxc3 Qd6 30. Ne4 Qa3 31. Ng5 Bg8 32.
Qxc6 Qxa2 33. Rb7 Qa5 34. Qxc7 Qxc7 35. Rxc7 a6 36. Nf3 e4 37. Rxe4 Rxe4
38. dxe4 a5 39. Ra7 Rc8 40. Nd2 Rc5 41. Rb7 Rc8 42. Ra7 Rc5 43. h4 h6 44.
Kf3 g5 45. hxg5 hxg5 46. Ke2 Be6 47. f3 Bxc4+ 48. Nxc4 Rxc4 49. Kd3 Ra4 50.
c4 Ra1 51. c5 Rc1 52. Kd4 Kg8 53. Rxa5 Kf7 54. c6 Ke6 55. Rxg5 Rd1+ 56. Kc5
Rf1 57. c7 Kd7 58. Kb6 Rxf3 59. Rd5+ 1-0

[Event "Najdorf Mem Open A"]
[Site "Warsaw POL"]
[Date "2010.07.20"]
[Round "4"]
[White "Kadziolka,B"]
[Black "Boros,De"]
[Result "0-1"]
[WhiteElo "2305"]
[BlackElo "2499"]
[EventDate "2010.07.17"]

1. e4 c5 2. Nf3 e6 3. d4 cxd4 4. Nxd4 a6 5. Bd3 Bc5 6. Nb3 Be7 7. Be3 Nc6
8. f4 Nf6 9. Qf3 d6 10. Nc3 Qc7 11. O-O-O b5 12. g4 Nb4 13. Kb1 Nd7 14. g5
Bb7 15. h4 Rc8 16. Nd4 d5 17. g6 hxg6 18. h5 dxe4 19. Bxe4 Bxe4 20. Nxe4
gxh5 21. Rxh5 Rg8 22. Qh3 Nd5 23. Ng5 Nf8 24. c3 Rd8 25. Bd2 b4 26. Ngxe6
fxe6 27. Nxe6 Nxe6 28. Rxd5 Qc4 29. Rxd8+ Nxd8 30. Re1 Qd5 31. Qe3 Nc6 32.
cxb4 Kf7 33. Bc3 Rd8 34. Qb6 Qd3+ 35. Kc1 Rd6 36. Qc7 Qd5 37. f5 Kg8 38.
Rg1 Bg5+ 39. Kc2 Nxb4+ 0-1

[Event "Najdorf Mem Open A"]
[Site "Warsaw POL"]
[Date "2010.07.20"]
[Round "4"]
[White "Sveshnikov,E"]
[Black "Wieczorek,O"]
[Result "1-0"]
[WhiteElo "2487"]
[BlackElo "2316"]
[EventDate "2010.07.17"]

1. e4 d6 2. d4 Nf6 3. Nc3 g6 4. Be3 c6 5. h3 Nbd7 6. f4 b5 7. Bd3 b4 8. Na4
Bg7 9. Nf3 Bb7 10. c4 bxc3 11. Nxc3 O-O 12. O-O Rc8 13. e5 Nd5 14. Nxd5
cxd5 15. Qe2 e6 16. Rac1 Qb6 17. b4 f6 18. a4 Ba8 19. Bb5 Nb8 20. exf6 Bxf6
21. Rxc8 Rxc8 22. Bf2 Rf8 23. Qxe6+ Kg7 24. Rb1 Bb7 25. Rc1 a6 26. Bd3 Qd8
27. b5 a5 28. h4 Re8 29. Rc7+ Qxc7 30. Qxe8 Qd8 31. Qe2 Nd7 32. f5 Nb6 33.
fxg6 hxg6 34. Qc2 Qe7 35. Bxg6 1-0

[Event "Najdorf Mem Open A"]
[Site "Warsaw POL"]
[Date "2010.07.20"]
[Round "4"]
[White "Burg,T"]
[Black "Doluhanova,E"]
[Result "1-0"]
[WhiteElo "2449"]
[BlackElo "2312"]
[EventDate "2010.07.17"]

1. e4 c5 2. Nf3 d6 3. Nc3 a6 4. d4 cxd4 5. Nxd4 Nf6 6. Be3 e5 7. Nf3 Be7 8.
Bc4 O-O 9. O-O b5 10. Bb3 Nc6 11. Qe2 Na5 12. Bg5 Nxb3 13. axb3 Bb7 14.
Bxf6 Bxf6 15. Rfd1 Qb6 16. Nd5 Bxd5 17. Rxd5 Rac8 18. Qd3 Be7 19. Nd2 Rc5
20. c3 g6 21. Nf1 Rxd5 22. Qxd5 Kg7 23. Qd3 f5 24. exf5 Rxf5 25. Ne3 Rf7
26. Rd1 b4 27. c4 Rf4 28. Qe2 Re4 29. Qc2 Rxe3 30. fxe3 Qxe3+ 31. Qf2 Qxb3
32. Qe2 a5 33. c5 dxc5 34. Qxe5+ Kh6 35. Rd7 Bg5 36. Qg7+ Kh5 37. Qxh7+ Kg4
38. Kh1 Qe3 39. Rd1 a4 40. Qxg6 Qe2 41. h3+ Kh4 42. Rd3 1-0

[Event "Najdorf Mem Open A"]
[Site "Warsaw POL"]
[Date "2010.07.20"]
[Round "4"]
[White "Klim,K"]
[Black "Sznapik,A"]
[Result "1-0"]
[WhiteElo "2245"]
[BlackElo "2434"]
[EventDate "2010.07.17"]

1. d4 Nf6 2. Nf3 g6 3. c4 Bg7 4. Nc3 O-O 5. e4 d6 6. Be2 e5 7. O-O Nc6 8.
d5 Ne7 9. Nd2 Ne8 10. b4 f5 11. a4 Nf6 12. f3 Bh6 13. Nb3 Bxc1 14. Rxc1 g5
15. c5 Ng6 16. Bd3 f4 17. Be2 Rf7 18. a5 h5 19. cxd6 cxd6 20. Nb5 a6 21.
Na3 b5 22. axb6 Qxb6+ 23. Kh1 Qxb4 24. Nc4 Bd7 25. Nba5 Ba4 26. Qe1 Qb8 27.
Rb1 Bb5 28. Nc6 Qc7 29. N4a5 Nd7 30. Bxb5 axb5 31. Rxb5 Nc5 32. Qb4 Kg7 33.
Rb1 g4 34. Nc4 gxf3 35. gxf3 Ra2 36. Nxd6 Nd3 37. Ne8+ Kh6 38. Nxc7 Nxb4
39. R5xb4 Rxc7 40. Rb6 Kh7 41. d6 Rg7 42. Rb7 Nh4 43. Rxg7+ Kxg7 44. Rg1+
Kh7 45. Nxe5 Rd2 46. d7 Rd6 47. h3 Rd2 48. Rg5 1-0

[Event "Najdorf Mem Open A"]
[Site "Warsaw POL"]
[Date "2010.07.20"]
[Round "4"]
[White "Staniszewski,Pi"]
[Black "Stoma,P"]
[Result "1-0"]
[WhiteElo "2389"]
[BlackElo "2302"]
[EventDate "2010.07.17"]

1. d4 d5 2. c4 c6 3. Nc3 Nf6 4. e3 a6 5. Qc2 b5 6. b3 Qc7 7. f4 Be6 8. c5
g6 9. Bd3 Bg7 10. Nf3 O-O 11. O-O a5 12. Qf2 Qc8 13. Nh4 Ng4 14. Qg3 Qc7
15. Bd2 Bc8 16. a3 Na6 17. b4 axb4 18. axb4 Bd7 19. Rab1 Ra7 20. h3 Nh6 21.
Qf2 Qc8 22. g4 f6 23. f5 g5 24. Nf3 e6 25. fxe6 Bxe6 26. Ne2 Bf7 27. Ng3
Bg6 28. Qe2 Re7 29. Bxg6 hxg6 30. Qd3 Qe8 31. Rbe1 Nc7 32. e4 Ne6 33. exd5
cxd5 34. Qb3 Qd8 35. Kg2 Nf7 36. Qd3 Nf4+ 37. Bxf4 gxf4 38. Rxe7 Qxe7 39.
Re1 Qd7 40. Ne2 g5 41. Nc3 Rb8 42. Qe2 f5 43. Qe6 Qxe6 44. Rxe6 Nh6 45.
Nxd5 fxg4 46. hxg4 Nxg4 47. c6 Kf8 48. Nb6 1-0

[Event "Najdorf Mem Open A"]
[Site "Warsaw POL"]
[Date "2010.07.20"]
[Round "4"]
[White "Beinoras,M"]
[Black "Malec,S"]
[Result "1-0"]
[WhiteElo "2386"]
[BlackElo "2108"]
[EventDate "2010.07.17"]

1. d4 Nf6 2. c4 c5 3. Nf3 cxd4 4. Nxd4 e5 5. Nb5 d5 6. cxd5 Bc5 7. N5c3 O-O
8. g3 Bf5 9. Bg2 e4 10. O-O Nbd7 11. Nd2 Re8 12. Nc4 Nb6 13. Be3 Nxc4 14.
Bxc5 Nxb2 15. Qd4 Rc8 16. Nb5 Qxd5 17. Qxd5 Nxd5 18. Nd6 Rxc5 19. Nxe8 Nc3
20. Nd6 Bg6 21. Kh1 b5 22. a3 a5 23. Rfc1 Nba4 24. Nb7 Rd5 25. Nxa5 Rd2 26.
Nb3 Rxe2 27. Nc5 h6 28. Nxa4 Nxa4 29. Kg1 e3 30. fxe3 Rxe3 31. Re1 Rc3 32.
Be4 f5 33. Bd5+ Kh7 34. Re5 Nb2 35. Be6 Nd3 36. Rxb5 f4 37. gxf4 Nxf4 38.
Bf5 Bxf5 39. Rxf5 Rf3 40. Rc5 h5 41. a4 g5 42. a5 g4 43. a6 Ne2+ 44. Kh1
Rh3 45. Rc2 1-0

[Event "Najdorf Mem Open A"]
[Site "Warsaw POL"]
[Date "2010.07.20"]
[Round "4"]
[White "Alvarado,C"]
[Black "Czerwonski,A"]
[Result "0-1"]
[WhiteElo "2216"]
[BlackElo "2379"]
[EventDate "2010.07.17"]

1. d4 d6 2. Nf3 Bg4 3. c4 Nd7 4. Nc3 e5 5. e3 Ngf6 6. Be2 Be7 7. h3 Bh5 8.
O-O c6 9. Nh4 Bxe2 10. Qxe2 g6 11. dxe5 dxe5 12. Nf3 O-O 13. Qc2 Qc7 14. b3
Rfe8 15. Bb2 Bf8 16. Rad1 a5 17. Ng5 Nc5 18. f4 Bg7 19. f5 Qb6 20. Ba3 Rad8
21. fxg6 fxg6 22. Rxd8 Rxd8 23. Bxc5 Qxc5 24. Qf2 Qe7 25. Qc2 Bh6 26. h4
Bxg5 27. hxg5 Ng4 28. Qe2 Qxg5 29. Rf3 Qh5 30. Rh3 Qf5 31. e4 Qf4 32. Qe1
h5 0-1

[Event "Najdorf Mem Open A"]
[Site "Warsaw POL"]
[Date "2010.07.20"]
[Round "4"]
[White "Weichhold,P"]
[Black "Van Assendelft,F"]
[Result "0-1"]
[WhiteElo "2190"]
[BlackElo "2374"]
[EventDate "2010.07.17"]

1. e4 c5 2. Nf3 e6 3. d4 cxd4 4. Nxd4 a6 5. Nc3 d6 6. g4 b5 7. a3 Ne7 8.
Bg2 Bb7 9. O-O Nec6 10. f4 Be7 11. Nf3 Nd7 12. Qe2 O-O 13. b3 Rc8 14. Bb2
Qb6+ 15. Kh1 Rc7 16. Rad1 Rfc8 17. Rd2 b4 18. axb4 Nxb4 19. Na4 Qa7 20. c3
Nc6 21. Ba3 Na5 22. e5 Nxb3 23. exd6 Nxd2 24. Qxd2 Bxd6 25. Bxd6 Rc4 26.
Ra1 Nf6 27. Ne5 Ne4 28. Bc5 R4xc5 29. Qd4 Qa8 30. Nxc5 Nxc5 31. Bxb7 Qxb7+
32. Kg1 f6 33. Nd3 Nb3 34. Rb1 Nxd4 35. Rxb7 Rxc3 36. Nf2 Ne2+ 37. Kf1 Nxf4
38. Ne4 Rc6 39. Rd7 h5 40. g5 Rc4 0-1

[Event "Najdorf Mem Open A"]
[Site "Warsaw POL"]
[Date "2010.07.20"]
[Round "4"]
[White "Cernousek,L"]
[Black "Fuchs,Ju"]
[Result "1-0"]
[WhiteElo "2412"]
[BlackElo "2232"]
[EventDate "2010.07.17"]

1. d4 Nf6 2. c4 e6 3. g3 Bb4+ 4. Bd2 Qe7 5. Nf3 Nc6 6. Nc3 Bxc3 7. Bxc3 Ne4
8. Rc1 d6 9. d5 Nxc3 10. Rxc3 Nb8 11. dxe6 fxe6 12. Nd4 O-O 13. Bg2 a5 14.
O-O Na6 15. Qd2 Nc5 16. Ra3 e5 17. Nb3 Nxb3 18. axb3 c6 19. Rfa1 Qc7 20.
Rxa5 Rxa5 21. Qxa5 Qf7 22. Qb6 Qf5 23. e4 Qh5 24. Qe3 Qf7 25. Rd1 Qc7 26.
b4 c5 27. Qd3 Qf7 28. Rd2 cxb4 29. Qxd6 Qxc4 30. Qd5+ Be6 31. Qd6 Qc6 32.
Qxb4 Qc1+ 33. Bf1 Qe1 34. Qc3 Bh3 35. Qc4+ Kh8 36. Qe2 Qc1 37. Qd1 Qxd1 38.
Rxd1 Bg4 39. Rd5 h6 40. Rxe5 Rc8 41. h3 1-0

[Event "Najdorf Mem Open A"]
[Site "Warsaw POL"]
[Date "2010.07.20"]
[Round "4"]
[White "Przezdziecka,M"]
[Black "Przedmojski,R"]
[Result "1/2-1/2"]
[WhiteElo "2278"]
[BlackElo "2390"]
[EventDate "2010.07.17"]

1. d4 d5 2. c4 e6 3. Nf3 c5 4. cxd5 exd5 5. g3 Nc6 6. Bg2 c4 7. O-O Bb4 8.
b3 cxb3 9. Qxb3 Nge7 10. Na3 O-O 11. Nc2 Bd6 12. Ne3 Na5 13. Qd3 f6 14. Nh4
Be6 15. Nhf5 Nxf5 16. Nxf5 Re8 1/2-1/2

[Event "Najdorf Mem Open A"]
[Site "Warsaw POL"]
[Date "2010.07.20"]
[Round "4"]
[White "Nguyen,P"]
[Black "Laurusas,T"]
[Result "1/2-1/2"]
[WhiteElo "2372"]
[BlackElo "2233"]
[EventDate "2010.07.17"]

1. Nf3 Nf6 2. c4 g6 3. Nc3 d5 4. Qa4+ Bd7 5. Qb3 dxc4 6. Qxc4 Bg7 7. e4 Bc6
8. d3 O-O 9. Be2 Nbd7 10. O-O e5 11. Be3 Ne8 12. b4 Nd6 13. Qb3 b6 14. Rfc1
Bb7 15. a4 Rc8 16. Nb5 a6 17. Na7 Ra8 18. Nc6 Qe8 19. Bd1 h6 20. Ra2 Kh7
21. Qb1 f5 22. Bb3 fxe4 23. dxe4 Nf6 24. Bd5 Nxd5 25. exd5 Rxf3 26. gxf3
Qf7 27. Qd3 Qxf3 28. Ne7 Qg4+ 29. Kf1 e4 30. Qd2 Qh3+ 31. Ke1 Qd7 32. Rac2
Ne8 33. Bf4 Qg4 34. Rxc7 Nxc7 35. Rxc7 Qg1+ 36. Ke2 Qg4+ 37. Kf1 Rf8 38.
Bxh6 Qh3+ 39. Ke1 Qxh2 40. Bxg7 1/2-1/2

[Event "Najdorf Mem Open A"]
[Site "Warsaw POL"]
[Date "2010.07.20"]
[Round "4"]
[White "Kaczmarek,M"]
[Black "Bernasek,J"]
[Result "0-1"]
[WhiteElo "2044"]
[BlackElo "2514"]
[EventDate "2010.07.17"]

1. e4 c5 2. Nf3 e6 3. d4 cxd4 4. Nxd4 a6 5. Nc3 b5 6. Bd3 Bb7 7. O-O Qc7 8.
Qe2 Nf6 9. Re1 Nc6 10. Nxc6 Bxc6 11. Bg5 Qe5 12. f4 Qd4+ 13. Kh1 Bb4 14. e5
Ng8 15. Rad1 Bxc3 16. bxc3 Qxc3 17. f5 Ne7 18. Qf2 Nxf5 19. Bxf5 exf5 20.
Rd3 Qc4 21. Qxf5 Qxc2 22. Bd2 O-O 23. Rc1 Qxa2 24. Rh3 Bxg2+ 0-1

[Event "Najdorf Mem Open A"]
[Site "Warsaw POL"]
[Date "2010.07.20"]
[Round "4"]
[White "Rademakers,E"]
[Black "Bobula,M"]
[Result "1/2-1/2"]
[WhiteElo "2171"]
[BlackElo "2387"]
[EventDate "2010.07.17"]

1. e4 e6 2. d4 d5 3. Nd2 c5 4. exd5 exd5 5. Ngf3 Nf6 6. Bb5+ Bd7 7. Bxd7+
Nbxd7 8. O-O Be7 9. dxc5 Nxc5 10. Nb3 Nce4 11. Nfd4 Qd7 12. Qf3 O-O 13. Nf5
Bd8 14. Be3 Re8 15. Rad1 Qc8 16. Bd4 a5 17. a4 Qc4 18. Nc5 Qb4 19. c3 Qxb2
20. Nxe4 dxe4 21. Qg3 g6 22. Rb1 Qd2 23. Rxb7 Nh5 24. Qh3 Qg5 25. Ng3 Nf4
26. Qd7 Re7 27. Qc6 Re6 28. Qd7 Re7 29. Qc6 Re6 30. Qb5 h5 31. Rb1 Qxb5 32.
R7xb5 Bc7 33. Rb7 Be5 34. Bxe5 Rxe5 35. Rb8+ Rxb8 36. Rxb8+ Kg7 37. Rb5 Kf6
38. c4 h4 39. Nf1 Ne2+ 40. Kh1 Nc3 41. Ne3 Nxb5 42. Ng4+ Ke6 43. Nxe5 Na3
44. f4 exf3 45. Nxf3 Nxc4 46. Nxh4 Nb2 47. Nf3 Kd5 48. Nd2 Kc5 49. h4 Nxa4
50. g4 Nb6 51. h5 gxh5 52. gxh5 Nd7 53. Kg2 a4 54. Kf3 a3 55. Nb3+ Kc4 56.
Nc1 Ne5+ 57. Ke4 Ng4 58. Kf5 Nh6+ 59. Kg5 Ng8 60. h6 Nxh6 61. Kxh6 Kd5 62.
Kg5 Ke5 63. Kg4 Ke4 64. Kg3 f5 65. Kf2 1/2-1/2

[Event "Najdorf Mem Open A"]
[Site "Warsaw POL"]
[Date "2010.07.20"]
[Round "4"]
[White "Winski,L"]
[Black "Krzyzanowski,M"]
[Result "0-1"]
[WhiteElo "2115"]
[BlackElo "2377"]
[EventDate "2010.07.17"]

1. e4 c5 2. Nf3 d6 3. c3 Nf6 4. Be2 g6 5. O-O Bg7 6. Re1 O-O 7. Bf1 e5 8.
h3 Re8 9. a4 d5 10. d3 dxe4 11. dxe4 Qxd1 12. Rxd1 Nxe4 13. Bb5 Nc6 14. a5
a6 15. Bxc6 bxc6 16. Nbd2 Nd6 17. Nb3 Nb7 18. Be3 Bf8 19. Nfd2 Be6 20. Ra4
Rab8 21. f3 Red8 22. Re1 Bd5 23. Kf1 f5 24. Ke2 Bf7 25. Rc1 Rd7 26. Re1 Nd8
27. Nc1 f4 28. Ne4 Kg7 29. Bxc5 Rxb2+ 30. Kf1 Ne6 31. Bb6 h5 32. Ne2 Be7
33. Rc4 Ng5 34. Rxc6 Nxe4 35. fxe4 g5 36. Bc7 Bf6 0-1

[Event "Najdorf Mem Open A"]
[Site "Warsaw POL"]
[Date "2010.07.20"]
[Round "4"]
[White "Valsecchi,A"]
[Black "Zurkowski,A"]
[Result "1-0"]
[WhiteElo "2360"]
[BlackElo "2175"]
[EventDate "2010.07.17"]

1. e4 d5 2. exd5 Nf6 3. c4 c6 4. Nc3 cxd5 5. cxd5 Nxd5 6. Nf3 e6 7. Bc4 Nb6
8. Bb3 Bd6 9. d4 O-O 10. Bc2 h6 11. O-O f5 12. Re1 Qf6 13. Nb5 Bb4 14. Bd2
Bxd2 15. Qxd2 Na6 16. Ne5 Rd8 17. Rac1 Nd7 18. Bb3 Ndc5 19. Bc4 Ne4 20. Qe2
Nd6 21. Nxd6 Rxd6 22. Bxa6 bxa6 23. Rc7 a5 24. Qf3 Rd5 25. Nc6 Bd7 26. Ne7+
Qxe7 27. Qxd5 Rd8 28. Qxa5 Qd6 29. Qc5 Qxc5 30. dxc5 Bb5 31. Rxa7 1-0

[Event "Najdorf Mem Open A"]
[Site "Warsaw POL"]
[Date "2010.07.20"]
[Round "4"]
[White "Adamski,J"]
[Black "Solnicki,M"]
[Result "1/2-1/2"]
[WhiteElo "2287"]
[BlackElo "2084"]
[EventDate "2010.07.17"]

1. c4 c5 2. Nf3 Nc6 3. Nc3 g6 4. e3 d6 5. d4 cxd4 6. exd4 Bg7 7. d5 Ne5 8.
Nxe5 Bxe5 9. Be2 Bf5 10. O-O h5 11. Be3 Nf6 12. f3 h4 13. Qd2 Nd7 14. Rac1
Qa5 15. Rfd1 a6 16. a3 Rc8 17. Bf1 Rh5 18. Be2 Rh7 19. Bf1 Rh5 20. Be2 Rh7
21. Bf1 Rh5 1/2-1/2

[Event "Najdorf Mem Open A"]
[Site "Warsaw POL"]
[Date "2010.07.20"]
[Round "4"]
[White "Kuciel,W"]
[Black "Janczarski,M"]
[Result "0-1"]
[WhiteElo "2088"]
[BlackElo "2285"]
[EventDate "2010.07.17"]

1. d4 c5 2. e3 Nf6 3. c4 cxd4 4. exd4 d5 5. Nc3 Nc6 6. Nf3 Bg4 7. cxd5 Nxd5
8. Bc4 e6 9. O-O Bxf3 10. Qxf3 Nxd4 11. Qe4 Nxc3 12. bxc3 Nc6 13. Rb1 Qc8
14. Re1 Be7 15. Re3 a6 16. Rg3 Bf6 17. Ba3 b5 18. Bd5 Kd7 19. Bb3 Kc7 20.
c4 b4 21. Ba4 Qb7 22. Bb2 Nd4 23. Qf4+ e5 24. Qg4 Rad8 25. c5 h5 26. Qd1
Qe4 27. Bxd4 Rxd4 28. Qf1 Rhd8 29. Re3 Qb7 30. Qe1 a5 31. Rxe5 Bxe5 32.
Qxe5+ Kc8 33. c6 Qc7 34. Qxh5 g6 35. Qf3 f5 36. g3 Re8 37. Bb5 Kb8 38. Qc3
Rd1+ 39. Kg2 Rxb1 0-1

[Event "Najdorf Mem Open A"]
[Site "Warsaw POL"]
[Date "2010.07.20"]
[Round "4"]
[White "Bernotas,A"]
[Black "Lammens,Tim"]
[Result "1/2-1/2"]
[WhiteElo "2059"]
[BlackElo "2268"]
[EventDate "2010.07.17"]

1. e4 e5 2. Nf3 Nc6 3. d4 exd4 4. Bc4 Nf6 5. e5 d5 6. Bb5 Ne4 7. Nxd4 Bd7
8. Bxc6 bxc6 9. O-O Bc5 10. f3 Ng5 11. f4 Ne4 12. Be3 O-O 13. Nd2 Nxd2 14.
Qxd2 f6 15. Nb3 Bb6 16. Bc5 fxe5 17. fxe5 Qe7 18. Qd4 Qg5 19. Rf2 Rxf2 20.
Qxf2 Qxe5 21. Rf1 Qe8 22. a4 h6 23. a5 Bxc5 24. Nxc5 Bg4 25. Re1 Qf7 26.
Qe3 Rf8 27. Nd3 a6 28. Nc5 Bc8 29. h3 Qg6 30. Qd3 Bf5 31. Qe3 Bxc2 32. b4
Kh8 33. Nxa6 Be4 34. Qd2 Qg3 35. Re3 Qf4 36. Qe1 Qg5 37. Rg3 Qe5 38. Nc5
Qd4+ 39. Kh2 Re8 40. Qc3 Qxc3 41. Rxc3 Bg6 42. Ra3 d4 43. a6 Ra8 44. Kg3 d3
45. Ra2 Bf7 46. Ra1 Bc4 47. Kf2 d2 48. Ke3 Bxa6 49. Kxd2 Rd8+ 50. Kc3
1/2-1/2

[Event "Najdorf Mem Open A"]
[Site "Warsaw POL"]
[Date "2010.07.20"]
[Round "4"]
[White "Banasik,K"]
[Black "Grochulski,G"]
[Result "1-0"]
[WhiteElo "2250"]
[BlackElo "2045"]
[EventDate "2010.07.17"]

1. e4 c5 2. d3 Nc6 3. g3 g6 4. Bg2 Bg7 5. f4 d6 6. Nf3 e6 7. O-O Nge7 8. c3
O-O 9. Be3 b6 10. d4 Ba6 11. Re1 Rc8 12. Na3 cxd4 13. Nxd4 Nxd4 14. Bxd4 e5
15. Be3 Qd7 16. Qd2 Rfd8 17. Rad1 Bb7 18. Qe2 Bc6 19. c4 f5 20. fxe5 Bxe5
21. Bd4 Qb7 22. b3 fxe4 23. Bxe4 Bxe4 24. Qxe4 Qxe4 25. Rxe4 Nf5 26. Bf2
Re8 27. Nb5 a6 28. Na7 Rb8 29. Nc6 Rb7 30. Rd5 Ne7 31. Nxe7+ Rexe7 32. Kg2
Kf7 33. a4 Ke6 34. Bd4 Kf6 35. Rxd6+ Kf5 36. Rxe5+ Rxe5 37. Bxe5 Kxe5 38.
Rd5+ Ke4 39. Kh3 Rc7 40. Kg4 Rc6 41. Kg5 h5 42. Kh6 b5 43. axb5 axb5 44.
Rxb5 Kf3 45. Rg5 Rb6 46. Rxg6 Rxb3 47. Kxh5 Rc3 48. Rg4 Kg2 49. Rh4 1-0

[Event "Najdorf Mem Open A"]
[Site "Warsaw POL"]
[Date "2010.07.20"]
[Round "4"]
[White "Goslawski,M"]
[Black "Lewandowski,Ra"]
[Result "1/2-1/2"]
[WhiteElo "2018"]
[BlackElo "2240"]
[EventDate "2010.07.17"]

1. c4 e6 2. d4 d5 3. Nf3 c5 4. g3 Nc6 5. Bg2 Nf6 6. O-O Be7 7. cxd5 exd5 8.
Nc3 O-O 9. Bg5 c4 10. Ne5 Be6 11. e3 Nd7 12. Nxc6 bxc6 13. Bxe7 Qxe7 14. b3
Rac8 15. bxc4 dxc4 16. Qc2 Rfd8 17. Rab1 Nb6 18. Na4 Nxa4 19. Qxa4 Bd5 20.
Qb4 c5 21. dxc5 Bxg2 22. Kxg2 Rxc5 23. Rfd1 Rdc8 24. Rbc1 h5 25. Rxc4 a5
26. Rxc5 Rxc5 27. Qd4 1/2-1/2

[Event "Najdorf Mem Open A"]
[Site "Warsaw POL"]
[Date "2010.07.20"]
[Round "4"]
[White "Skawinski,A"]
[Black "Jacek,K"]
[Result "1/2-1/2"]
[WhiteElo "2233"]
[BlackElo "2055"]
[EventDate "2010.07.17"]

1. e4 c5 2. c3 Nf6 3. e5 Nd5 4. d4 cxd4 5. Nf3 Nc6 6. Bc4 Nb6 7. Bb3 d5 8.
exd6 Qxd6 9. O-O Be6 10. Na3 dxc3 11. Qe2 Bxb3 12. axb3 e5 13. Nb5 Qb8 14.
Re1 Nd7 15. bxc3 Be7 16. Rd1 a6 17. Na3 Qc7 18. Nb5 Qb8 19. Na3 Nc5 20. Nc4
e4 21. Nfd2 b5 22. Nxe4 O-O 23. Nxc5 Bxc5 24. Be3 Bxe3 25. Nxe3 Qe5 1/2-1/2

[Event "Najdorf Mem Open A"]
[Site "Warsaw POL"]
[Date "2010.07.20"]
[Round "4"]
[White "Suchocki,T"]
[Black "Czarnota,D"]
[Result "1/2-1/2"]
[WhiteElo "1978"]
[BlackElo "2214"]
[EventDate "2010.07.17"]

1. d4 Nf6 2. c4 d6 3. Nc3 Nbd7 4. Nf3 g6 5. e4 Bg7 6. Be2 e5 7. O-O O-O 8.
Re1 c6 9. Rb1 a5 10. h3 exd4 11. Nxd4 Nc5 12. Bf3 Nfd7 13. Be3 Re8 14. Qd2
a4 15. b4 axb3 16. axb3 Ne5 17. Be2 Ned7 18. Bf3 Nf8 19. Red1 Qc7 20. Ndb5
cxb5 21. Nxb5 Qe7 22. Nxd6 Nce6 23. Nxe8 1/2-1/2

[Event "Najdorf Mem Open A"]
[Site "Warsaw POL"]
[Date "2010.07.20"]
[Round "4"]
[White "Tscharotschkin,M"]
[Black "Szewczak,And"]
[Result "0-1"]
[WhiteElo "2201"]
[BlackElo "1981"]
[EventDate "2010.07.17"]

1. d4 e6 2. e4 d5 3. Nc3 Nf6 4. Bg5 Be7 5. e5 Nfd7 6. h4 O-O 7. Nh3 f6 8.
Bd3 c5 9. exf6 Bxf6 10. Qh5 g6 11. Bxg6 hxg6 12. Qxg6+ Kh8 13. Qh5+ Kg8 14.
Bh6 Qe8 15. Qg4+ Kh8 16. Bxf8 Nxf8 17. O-O-O Nc6 18. Nb5 Qg6 19. Qxg6 Nxg6
20. h5 Nge7 21. dxc5 e5 22. Nc7 Rb8 23. Nxd5 Nxd5 24. Rxd5 Be7 25. a3 Be6
26. Rd3 Rg8 27. Rg3 Rxg3 28. fxg3 Bxc5 29. Kd1 Bd5 30. Ng5 Bxg2 31. Re1 Bd5
32. Ne4 Be7 33. Kd2 a5 34. c3 Kg7 35. g4 Kh6 36. Ke3 a4 37. Rd1 Be6 38. Kf3
Na5 39. Rd2 Nc4 40. Re2 b5 41. Kg3 Bd5 42. Nf2 Bg5 43. Nd3 Be7 44. Nxe5
Nxe5 45. Kf4 Nc6 46. Kf5 Bc4 47. Rd2 Nd8 48. Rd4 Be6+ 49. Ke5 Bc8 50. Rd5
Nf7+ 51. Kd4 Nd6 52. Kc5 Be6 53. g5+ Kxh5 54. Rd1 Kxg5 55. Rg1+ Kf6 56.
Rf1+ Bf5 57. Kb4 Ke5 58. Re1+ Be4 59. Re2 Kd5 60. c4+ bxc4 61. Kxa4 Kc5 62.
b4+ Kb6 63. b5 Nxb5 64. Rb2 Bc6 0-1

[Event "Najdorf Mem Open A"]
[Site "Warsaw POL"]
[Date "2010.07.20"]
[Round "4"]
[White "Kamieniecki,T"]
[Black "Zaninotto,F"]
[Result "1/2-1/2"]
[WhiteElo "2016"]
[BlackElo "2189"]
[EventDate "2010.07.17"]

1. d4 Nf6 2. c4 g6 3. Nc3 Bg7 4. e4 d6 5. f3 O-O 6. Bg5 a6 7. Qd2 c5 8. d5
b5 9. Nge2 Nbd7 10. Ng3 Qa5 11. cxb5 Nb6 12. Be2 e6 13. O-O axb5 14. dxe6
Bxe6 15. Qf4 Nfd7 16. Bh6 Bxh6 17. Qxh6 b4 18. Nb5 Nc4 19. Bxc4 Bxc4 20.
Nxd6 Be6 21. Ndf5 Bxf5 22. exf5 Qb6 23. Rfd1 c4+ 24. Kh1 Nf6 25. fxg6 fxg6
26. Qf4 Qc5 27. Rac1 c3 28. bxc3 bxc3 29. Rd4 Nh5 30. Rc4 Nxf4 31. Rxc5 Nd3
32. R5xc3 Nxc1 33. Rxc1 Rxa2 34. h3 Rb8 35. Ne4 Rbb2 36. Rg1 h6 37. h4 Kf7
38. Kh2 Ke6 39. Kg3 Ke5 40. Nc5 Kf6 41. Ne4+ Ke7 42. Nc3 Ra5 43. Re1+ Kf7
44. Ne4 Raa2 45. Rg1 1/2-1/2

[Event "Najdorf Mem Open A"]
[Site "Warsaw POL"]
[Date "2010.07.20"]
[Round "4"]
[White "Delega,T"]
[Black "Zakoscielna,K"]
[Result "1-0"]
[WhiteElo "2186"]
[BlackElo "2040"]
[EventDate "2010.07.17"]

1. d4 Nf6 2. Nc3 d5 3. Bg5 Bf5 4. e3 Nbd7 5. Bd3 Bg6 6. f4 e6 7. Nf3 Be7 8.
Ne5 Nxe5 9. fxe5 Nd7 10. Bxe7 Qxe7 11. O-O a6 12. Ne2 c5 13. c3 f6 14.
Bxg6+ hxg6 15. Nf4 Rh6 16. exf6 gxf6 17. b3 g5 18. Nd3 O-O-O 19. b4 c4 20.
Nc5 Nxc5 21. bxc5 Rdh8 22. h3 f5 23. c6 Qd6 24. cxb7+ Kb8 25. Kf2 Rh4 26.
Ke2 Qg3 27. Qa4 Re4 28. Rf2 Rxe3+ 29. Kf1 Qh2 30. Rc2 Rg3 31. Re1 Qh1+ 32.
Ke2 Qxg2+ 33. Kd1 Qf3+ 34. Kc1 Qf4+ 35. Kb1 Rh7 36. Qe8+ Ka7 37. Qa8+ 1-0

[Event "Najdorf Mem Open A"]
[Site "Warsaw POL"]
[Date "2010.07.20"]
[Round "4"]
[White "Wisniowska,K"]
[Black "Gamback,B"]
[Result "0-1"]
[WhiteElo "1999"]
[BlackElo "2192"]
[EventDate "2010.07.17"]

1. e4 c5 2. Nf3 a6 3. c4 e6 4. Nc3 Qc7 5. Be2 b6 6. O-O Bb7 7. d4 cxd4 8.
Nxd4 Nf6 9. Bd3 Nc6 10. Nxc6 dxc6 11. Be3 h5 12. h3 c5 13. f4 Rd8 14. Qc2
Qc6 15. Rad1 Be7 16. e5 Nd7 17. Be4 Qc7 18. Qe2 g6 19. Rf3 Nb8 20. Rxd8+
Kxd8 21. Bxb7 Qxb7 22. Bf2 Nc6 23. Rd3+ Kc8 24. a3 Rd8 25. Rxd8+ Kxd8 26.
Qd1+ Qd7 27. Qxd7+ Kxd7 28. Ne4 Na5 29. Nd2 Kc6 30. Kf1 b5 31. cxb5+ axb5
32. Ke2 Kd5 33. Kd3 c4+ 34. Kc2 Nc6 35. g3 Bd8 36. h4 Ba5 37. Nf3 Bd8 38.
Nd2 Ne7 39. b3 Nc6 40. bxc4+ bxc4 41. Nf3 Be7 42. a4 Nb4+ 43. Kb1 c3 44.
Ne1 Bd8 45. Ba7 Kc4 46. Nc2 Nc6 47. Bf2 Kd3 48. Bc5 Na5 49. Bb4 Nb3 50.
Ne1+ Kc4 51. Bd6 Bb6 52. Nf3 Kd3 53. Ne1+ Ke2 54. Kc2 Nd4+ 55. Kxc3 Kxe1
56. Kc4 Kd2 57. Bc5 Bxc5 58. Kxc5 Kc3 59. a5 Nb3+ 60. Kb6 Nxa5 61. Kxa5 Kd4
62. Kb6 Ke4 63. Kc6 Kf3 64. Kd6 Kxg3 65. Ke7 Kxf4 66. Kf6 Ke4 67. Kxf7 Kxe5
68. Kg7 g5 0-1